Most popular artists of 2020 - Statistics

General Stats
  • This quiz has been taken 86 times
  • The average score is 18 of 100
Answer Stats
Hint Answer % Correct
27 Ariana Grande
79%
9 Taylor Swift
76%
5 Drake
74%
15 Justin Bieber
73%
2 The Weeknd
67%
40 Ed Sheeran
64%
11 Billie Eilish
58%
28 Eminem
55%
8 Harry Styles
53%
56 Cardi B
52%
12 Dua Lipa
48%
44 Lady Gaga
44%
41 Selena Gomez
44%
18 BTS
42%
1 Post Malone
39%
23 Travis Scott
33%
22 Doja Cat
32%
20 Megan Thee Stallion
30%
67 Shawn Mendes
30%
4 DaBaby
27%
37 Elton John
27%
63 Lil Nas X
27%
83 Lil Wayne
27%
29 Maroon 5
27%
98 Sam Smith
27%
6 Juice WRLD
24%
25 Lizzo
23%
3 Roddy Ricch
23%
42 Camila Cabello
21%
10 Pop Smoke
21%
55 Queen
21%
80 Kendrick Lamar
20%
45 Khalid
20%
16 Lewis Capaldi
20%
7 Lil Baby
20%
32 Chris Brown
18%
14 Lil Uzi Vert
17%
19 Bad Bunny
15%
26 Future
15%
35 Halsey
15%
81 Mariah Carey
15%
94 Michael Jackson
15%
24 Morgan Wallen
14%
66 XXXTENTACION
14%
33 Jonas Brothers
11%
75 Lil Durk
11%
13 Luke Combs
11%
96 Marshmello
11%
39 Polo G
11%
69 The Beatles
11%
70 Celine Dion
9%
36 Gunna
9%
49 Jack Harlow
9%
46 Lil Mosey
8%
65 Mac Miller
8%
21 Rod Wave
8%
47 SAINt JHN
8%
78 Tory Lanez
8%
48 Trevor Daniel
8%
30 Young Thug
8%
50 Jhene Aiko
6%
89 Lil Tecca
6%
34 Maren Morris
6%
62 Mustard
6%
82 NLE Choppa
6%
54 Arizona Zervas
5%
59 blackbear
5%
53 Blake Shelton
5%
76 Fleetwood Mac
5%
97 H.E.R
5%
31 Kane Brown
5%
74 Luke Bryan
5%
79 NF
5%
87 Surfaces
5%
38 Tones and I
5%
86 U2
5%
17 YoungBoy Never Broke Again
5%
57 A Boogie Wit da Hoodie
3%
58 Dan + Shay
3%
71 Don Toliver
3%
90 Lil Tjay
3%
77 Thomas Rhett
3%
61 Trippie Redd
3%
93 Chris Stapleton
2%
85 Eagles
2%
43 Gabby Barrett
2%
68 JACKBOYS
2%
51 Jason Aldean
2%
91 Jon Pardi
2%
84 Lee Brice
2%
100 Maddie & Tae
2%
92 Miranda Lambert
2%
73 Old Dominion
2%
60 Sam Hunt
2%
95 SHAED
2%
52 Summer Walker
2%
99 Kenny Chesney
0%
64 Loneybagg Yo
0%
88 Trans-Siberian Orchestra
0%
72 YNW Melly
0%
No matching quizzes found
Score Distribution
Percent of People with Each Score
Percentile by Number Answered
Your Score History
You have not taken this quiz